<?xml version="1.0" encoding="UTF-8"?>
<marc:record xmlns:marc="http://www.loc.gov/MARC21/slim" type="Bibliographic">
   <marc:leader>00000pam a2200000 c 4500</marc:leader>
   <marc:controlfield tag="001">1011370522</marc:controlfield>
   <marc:controlfield tag="003">DE-101</marc:controlfield>
   <marc:controlfield tag="005">20171202195506.0</marc:controlfield>
   <marc:controlfield tag="007">tu</marc:controlfield>
   <marc:controlfield tag="008">110429s2011    gw ||||| |||| 00||||ger  </marc:controlfield>
   <marc:datafield ind1=" " ind2=" " tag="015">
      <marc:subfield code="a">11,A34</marc:subfield>
      <marc:subfield code="z">11,N18</marc:subfield>
      <marc:subfield code="2">dnb</marc:subfield>
   </marc:datafield>
   <marc:datafield ind1="7" ind2=" " tag="016">
      <marc:subfield code="2">DE-101</marc:subfield>
      <marc:subfield code="a">1011370522</marc:subfield>
   </marc:datafield>
   <marc:datafield ind1=" " ind2=" " tag="020">
      <marc:subfield code="a">9783411808250</marc:subfield>
      <marc:subfield code="c">Pp. : EUR 7.95 (DE), EUR 8.20 (AT), sfr 13.50 (freier Pr.)</marc:subfield>
      <marc:subfield code="9">978-3-411-80825-0</marc:subfield>
   </marc:datafield>
   <marc:datafield ind1=" " ind2=" " tag="020">
      <marc:subfield code="a">9783737335232 (Fischer Duden, ab 2013)</marc:subfield>
      <marc:subfield code="c"> Gb. : EUR 7.95 (DE), EUR 8.20 (AT), sfr 11.90 (freier Pr.)</marc:subfield>
      <marc:subfield code="9">978-3-7373-3523-2</marc:subfield>
   </marc:datafield>
   <marc:datafield ind1=" " ind2=" " tag="020">
      <marc:subfield code="a">341180825X</marc:subfield>
      <marc:subfield code="9">3-411-80825-X</marc:subfield>
   </marc:datafield>
   <marc:datafield ind1="3" ind2=" " tag="024">
      <marc:subfield code="a">9783411808250</marc:subfield>
   </marc:datafield>
   <marc:datafield ind1="5" ind2="2" tag="028">
      <marc:subfield code="a">Best.-Nr.: 43465</marc:subfield>
   </marc:datafield>
   <marc:datafield ind1=" " ind2=" " tag="035">
      <marc:subfield code="a">(DE-599)DNB1011370522</marc:subfield>
   </marc:datafield>
   <marc:datafield ind1=" " ind2=" " tag="035">
      <marc:subfield code="a">(OCoLC)725226905</marc:subfield>
   </marc:datafield>
   <marc:datafield ind1=" " ind2=" " tag="040">
      <marc:subfield code="a">1245</marc:subfield>
      <marc:subfield code="b">ger</marc:subfield>
      <marc:subfield code="c">DE-101</marc:subfield>
      <marc:subfield code="d">9999</marc:subfield>
   </marc:datafield>
   <marc:datafield ind1=" " ind2=" " tag="041">
      <marc:subfield code="a">ger</marc:subfield>
   </marc:datafield>
   <marc:datafield ind1=" " ind2=" " tag="044">
      <marc:subfield code="c">XA-DE-BW</marc:subfield>
      <marc:subfield code="c">XA-CH</marc:subfield>
   </marc:datafield>
   <marc:datafield ind1="7" ind2="4" tag="082">
      <marc:subfield code="a">K</marc:subfield>
      <marc:subfield code="q">DE-101</marc:subfield>
      <marc:subfield code="2">22sdnb</marc:subfield>
   </marc:datafield>
   <marc:datafield ind1=" " ind2=" " tag="090">
      <marc:subfield code="a">b</marc:subfield>
   </marc:datafield>
   <marc:datafield ind1="0" ind2="0" tag="245">
      <marc:subfield code="a">Nora und die Tigerinsel </marc:subfield>
      <marc:subfield code="b">[2. Klasse ; Leseförderung mit System]</marc:subfield>
      <marc:subfield code="c">Salah Naoura. Mit Bildern von Susanne Wechdorn. [Red. Leitung: Nele Thiemann]</marc:subfield>
   </marc:datafield>
   <marc:datafield ind1=" " ind2="1" tag="264">
      <marc:subfield code="a">Mannheim</marc:subfield>
      <marc:subfield code="a">Zürich</marc:subfield>
      <marc:subfield code="b">Dudenverl.</marc:subfield>
      <marc:subfield code="c">2011</marc:subfield>
   </marc:datafield>
   <marc:datafield ind1=" " ind2=" " tag="300">
      <marc:subfield code="a">31 S.</marc:subfield>
      <marc:subfield code="b">zahlr. Ill.</marc:subfield>
      <marc:subfield code="c">23 cm, 100 g</marc:subfield>
      <marc:subfield code="e">Lesezeichen</marc:subfield>
   </marc:datafield>
   <marc:datafield ind1=" " ind2=" " tag="336">
      <marc:subfield code="a">Text</marc:subfield>
      <marc:subfield code="b">txt</marc:subfield>
      <marc:subfield code="2">rdacontent</marc:subfield>
   </marc:datafield>
   <marc:datafield ind1=" " ind2=" " tag="336">
      <marc:subfield code="a">unbewegtes Bild</marc:subfield>
      <marc:subfield code="b">sti</marc:subfield>
      <marc:subfield code="2">rdacontent</marc:subfield>
   </marc:datafield>
   <marc:datafield ind1=" " ind2=" " tag="337">
      <marc:subfield code="a">ohne Hilfsmittel zu benutzen</marc:subfield>
      <marc:subfield code="b">n</marc:subfield>
      <marc:subfield code="2">rdamedia</marc:subfield>
   </marc:datafield>
   <marc:datafield ind1=" " ind2=" " tag="338">
      <marc:subfield code="a">Band</marc:subfield>
      <marc:subfield code="b">nc</marc:subfield>
      <marc:subfield code="2">rdacarrier</marc:subfield>
   </marc:datafield>
   <marc:datafield ind1=" " ind2=" " tag="385">
      <marc:subfield code="0">(DE-588)4030550-8</marc:subfield>
      <marc:subfield code="0">http://d-nb.info/gnd/4030550-8</marc:subfield>
      <marc:subfield code="0">(DE-101)040305503</marc:subfield>
      <marc:subfield code="a">Kind</marc:subfield>
      <marc:subfield code="2">gnd</marc:subfield>
   </marc:datafield>
   <marc:datafield ind1="0" ind2=" " tag="490">
      <marc:subfield code="a">Lesedetektive</marc:subfield>
   </marc:datafield>
   <marc:datafield ind1=" " ind2="7" tag="650">
      <marc:subfield code="0">(DE-588)4036871-3</marc:subfield>
      <marc:subfield code="0">http://d-nb.info/gnd/4036871-3</marc:subfield>
      <marc:subfield code="0">(DE-101)040368718</marc:subfield>
      <marc:subfield code="a">Mädchen</marc:subfield>
      <marc:subfield code="2">gnd</marc:subfield>
   </marc:datafield>
   <marc:datafield ind1=" " ind2="7" tag="650">
      <marc:subfield code="0">(DE-588)4133051-1</marc:subfield>
      <marc:subfield code="0">http://d-nb.info/gnd/4133051-1</marc:subfield>
      <marc:subfield code="0">(DE-101)04133051X</marc:subfield>
      <marc:subfield code="a">Familienurlaub</marc:subfield>
      <marc:subfield code="2">gnd</marc:subfield>
   </marc:datafield>
   <marc:datafield ind1=" " ind2="7" tag="650">
      <marc:subfield code="0">(DE-588)4038301-5</marc:subfield>
      <marc:subfield code="0">http://d-nb.info/gnd/4038301-5</marc:subfield>
      <marc:subfield code="0">(DE-101)040383016</marc:subfield>
      <marc:subfield code="a">Meer</marc:subfield>
      <marc:subfield code="2">gnd</marc:subfield>
   </marc:datafield>
   <marc:datafield ind1=" " ind2="7" tag="650">
      <marc:subfield code="0">(DE-588)4034524-5</marc:subfield>
      <marc:subfield code="0">http://d-nb.info/gnd/4034524-5</marc:subfield>
      <marc:subfield code="0">(DE-101)040345246</marc:subfield>
      <marc:subfield code="a">Langeweile</marc:subfield>
      <marc:subfield code="2">gnd</marc:subfield>
   </marc:datafield>
   <marc:datafield ind1=" " ind2="7" tag="650">
      <marc:subfield code="0">(DE-588)4581234-2</marc:subfield>
      <marc:subfield code="0">http://d-nb.info/gnd/4581234-2</marc:subfield>
      <marc:subfield code="0">(DE-101)958501734</marc:subfield>
      <marc:subfield code="a">Fantasiegefährte</marc:subfield>
      <marc:subfield code="2">gnd</marc:subfield>
   </marc:datafield>
   <marc:datafield ind1=" " ind2=" " tag="653">
      <marc:subfield code="a">(Produktform)Hardback</marc:subfield>
   </marc:datafield>
   <marc:datafield ind1=" " ind2=" " tag="653">
      <marc:subfield code="a">(Keywords)Erstleser</marc:subfield>
   </marc:datafield>
   <marc:datafield ind1=" " ind2=" " tag="653">
      <marc:subfield code="a">(Keywords)Kinderbuch</marc:subfield>
   </marc:datafield>
   <marc:datafield ind1=" " ind2=" " tag="653">
      <marc:subfield code="a">(Keywords)Leseförderung</marc:subfield>
   </marc:datafield>
   <marc:datafield ind1=" " ind2=" " tag="653">
      <marc:subfield code="a">(Keywords)Lesenlernen</marc:subfield>
   </marc:datafield>
   <marc:datafield ind1=" " ind2=" " tag="653">
      <marc:subfield code="a">(Keywords)Lea</marc:subfield>
   </marc:datafield>
   <marc:datafield ind1=" " ind2=" " tag="653">
      <marc:subfield code="a">(Keywords)Urlaub</marc:subfield>
   </marc:datafield>
   <marc:datafield ind1=" " ind2=" " tag="653">
      <marc:subfield code="a">(Keywords)Ferien</marc:subfield>
   </marc:datafield>
   <marc:datafield ind1=" " ind2="7" tag="655">
      <marc:subfield code="0">(DE-588)4303251-5</marc:subfield>
      <marc:subfield code="0">http://d-nb.info/gnd/4303251-5</marc:subfield>
      <marc:subfield code="0">(DE-101)043032516</marc:subfield>
      <marc:subfield code="a">Kinderbuch</marc:subfield>
      <marc:subfield code="2">gnd-content</marc:subfield>
   </marc:datafield>
   <marc:datafield ind1=" " ind2="7" tag="655">
      <marc:subfield code="a">Kinderbuch</marc:subfield>
      <marc:subfield code="2">gnd</marc:subfield>
   </marc:datafield>
   <marc:datafield ind1="0" ind2="0" tag="689">
      <marc:subfield code="0">(DE-588)4036871-3</marc:subfield>
      <marc:subfield code="0">http://d-nb.info/gnd/4036871-3</marc:subfield>
      <marc:subfield code="0">(DE-101)040368718</marc:subfield>
      <marc:subfield code="D">s</marc:subfield>
      <marc:subfield code="a">Mädchen</marc:subfield>
   </marc:datafield>
   <marc:datafield ind1="0" ind2="1" tag="689">
      <marc:subfield code="0">(DE-588)4133051-1</marc:subfield>
      <marc:subfield code="0">http://d-nb.info/gnd/4133051-1</marc:subfield>
      <marc:subfield code="0">(DE-101)04133051X</marc:subfield>
      <marc:subfield code="D">s</marc:subfield>
      <marc:subfield code="a">Familienurlaub</marc:subfield>
   </marc:datafield>
   <marc:datafield ind1="0" ind2="2" tag="689">
      <marc:subfield code="0">(DE-588)4038301-5</marc:subfield>
      <marc:subfield code="0">http://d-nb.info/gnd/4038301-5</marc:subfield>
      <marc:subfield code="0">(DE-101)040383016</marc:subfield>
      <marc:subfield code="D">s</marc:subfield>
      <marc:subfield code="a">Meer</marc:subfield>
   </marc:datafield>
   <marc:datafield ind1="0" ind2="3" tag="689">
      <marc:subfield code="0">(DE-588)4034524-5</marc:subfield>
      <marc:subfield code="0">http://d-nb.info/gnd/4034524-5</marc:subfield>
      <marc:subfield code="0">(DE-101)040345246</marc:subfield>
      <marc:subfield code="D">s</marc:subfield>
      <marc:subfield code="a">Langeweile</marc:subfield>
   </marc:datafield>
   <marc:datafield ind1="0" ind2="4" tag="689">
      <marc:subfield code="0">(DE-588)4581234-2</marc:subfield>
      <marc:subfield code="0">http://d-nb.info/gnd/4581234-2</marc:subfield>
      <marc:subfield code="0">(DE-101)958501734</marc:subfield>
      <marc:subfield code="D">s</marc:subfield>
      <marc:subfield code="a">Fantasiegefährte</marc:subfield>
   </marc:datafield>
   <marc:datafield ind1="0" ind2="5" tag="689">
      <marc:subfield code="A">f</marc:subfield>
      <marc:subfield code="a">Kinderbuch</marc:subfield>
   </marc:datafield>
   <marc:datafield ind1="0" ind2=" " tag="689">
      <marc:subfield code="5">DE-101</marc:subfield>
      <marc:subfield code="5">DE-101</marc:subfield>
   </marc:datafield>
   <marc:datafield ind1="1" ind2=" " tag="700">
      <marc:subfield code="0">(DE-588)113304706</marc:subfield>
      <marc:subfield code="0">http://d-nb.info/gnd/113304706</marc:subfield>
      <marc:subfield code="0">(DE-101)113304706</marc:subfield>
      <marc:subfield code="a">Naoura, Salah</marc:subfield>
      <marc:subfield code="d">1964-</marc:subfield>
      <marc:subfield code="e">Mitwirkender</marc:subfield>
      <marc:subfield code="4">ctb</marc:subfield>
   </marc:datafield>
   <marc:datafield ind1="1" ind2=" " tag="700">
      <marc:subfield code="0">(DE-588)122308875</marc:subfield>
      <marc:subfield code="0">http://d-nb.info/gnd/122308875</marc:subfield>
      <marc:subfield code="0">(DE-101)122308875</marc:subfield>
      <marc:subfield code="a">Wechdorn, Susanne</marc:subfield>
      <marc:subfield code="d">1960-</marc:subfield>
      <marc:subfield code="e">Mitwirkender</marc:subfield>
      <marc:subfield code="4">ctb</marc:subfield>
   </marc:datafield>
   <marc:datafield ind1=" " ind2=" " tag="850">
      <marc:subfield code="a">DE-101a</marc:subfield>
      <marc:subfield code="a">DE-101b</marc:subfield>
   </marc:datafield>
   <marc:datafield ind1="r" ind2=" " tag="925">
      <marc:subfield code="a">ra</marc:subfield>
   </marc:datafield>
</marc:record>
